Nummer 10 der deutschen Nationalmannschaft - Statistiken

Allgemein
  • Dieses Quiz wurde 237 mal gespielt
  • Das Durchschnittsergebnis liegt bei 8 aus 21
Antwortstatistiken
Turnier Verein Spieler % Korrekt
EM 2008 - WM 2014 Köln/Arsenal Lukas Podolski
90%
EM 2024 Bayern Jamal Musiala
89%
WM 1990, WM 1994, EM 2000 Inter/Bayern/ MetroStars Lothar Matthäus
84%
EM 2016, WM 2018 Arsenal Mesut Özil
84%
EM 2021, WM 2022 Bayern Serge Gnabry
73%
WM 2006 Gladbach Oliver Neuville
56%
EM 1980, WM 1982 Stuttgart Hansi Müller
55%
EM 1972, WM 1974 Gladbach Günter Netzer
52%
EM 1996, WM 1998 Karlsruhe Thomas Häßler
38%
EM 1988 Schalke Olaf Thon
36%
WM 2002 Dortmund Lars Ricken
33%
EM 2004 Stuttgart Kevin Kuranyi
31%
WM 1986 Hamburg Felix Magath
27%
WM 1966, WM 1970 Dortmund Siegfried Held
15%
EM 1992 Lazio Rom Thomas Doll
14%
EM 1976 Hertha Erich Beer
11%
WM 1978 Köln Heinz Flohe
10%
WM 1954 Lautern Werner Liebrich
9%
EM 1984 Bremen Norbert Meier
7%
WM 1958 Dortmund Aki Schmidt
6%
WM 1962 Gladbach Albert Brülls
6%
Keine übereinstimmenden Quizze gefunden
Verteilung der Resultate
Anzahl Personen mit jedem Resultat
Perzentil nach korrekt beantworteten Fragen
Ihre Resultats-Entwicklung
Sie haben dieses Quiz noch nicht gespielt